000 01035nam a2200277 a 4500
005 20191224041524.0
008 140220b1998 ck ||||| |||| 00| 0 spa d
040 _aCO-BoIAVH
_cCO-BoIAVH
041 _aspa
044 _ack
090 _aLB
_b00332
100 _aCoral Checa, Oscar Ricardo
_97440
245 _aAnálisis estructural y evaluación de la diversidad florística y de la regeneración natural en las parcelas de investigación Parque Ecológico La Poma
260 _aIbagué
_bCámara de Comercio de Bogotá
_bCorporación para el Desarrollo Integral de Bogotá y Cundinamarca
_c1998
300 _a119 p.
650 _aDiversidad vegetal
_96435
650 _aRegeneración natural
_96918
650 _aParcelas permanentes de investigación
_97441
650 _aBosque andino
_93789
650 _aConservación de bosques
_942688
650 _aBosques secundarios
_97443
650 _aIndices de diversidad
_93559
650 _aAnálisis estadístico
_93560
662 _aColombia
_bCundinamarca
942 _cINFORME
_2z
999 _c352
_d352